Liquidation Law and Practice in Tanzania Mainland. (Record no. 6797)
[ view plain ]
| 005 - DATE AND TIME OF LATEST TRANSACTION | |
|---|---|
| control field | 20251120081752.0 |
| 020 ## - INTERNATIONAL STANDARD BOOK NUMBER | |
| International Standard Book Number | 9987552307 |
| 082 ## - DEWEY DECIMAL CLASSIFICATION NUMBER | |
| Classification number | 346.078 MND |
| 100 ## - MAIN ENTRY--PERSONAL NAME | |
| Author name | MNDOLWA,E.B. |
| 245 ## - TITLE STATEMENT | |
| Title | Liquidation Law and Practice in Tanzania Mainland. |
| 260 ## - PUBLICATION, DISTRIBUTION, ETC. | |
| Place of publication, distribution, etc. | Dodoma |
| Name of publisher, distributor, etc. | Mzumbe Book Project |
| Date of publication, distribution, etc. | 2003 |
| 300 ## - PHYSICAL DESCRIPTION | |
| Extent | XX,135P.table |
| Dimensions | 28cm. |
| 700 ## - ADDED ENTRY--PERSONAL NAME | |
| Other authors/Editors | BINAMUNGU,C. & KASHONDA,M. |
| 942 ## - ADDED ENTRY ELEMENTS (KOHA) | |
| Source of classification or shelving scheme | Dewey Decimal Classification |
| Koha item type | Books |
No items available.
